000 00557nam a2200205Ia 4500
005 20250923144958.0
008 008 250917s9999 xx 000 0 eng d
037 _aTextual
040 _aDSWL
_beng
_cDSWL
041 _aeng
_2eng
084 _aS0bZ.3, N63
_qDSWL
100 _aAndry, R.G.
_9830506
245 4 _aThe ort-term Prisoner
_cby R.G. Andry
260 _aLondon
_bStevens & Sons
_c1963
300 _aXXII,162 p.
365 _aINR
_b28
925 _g28
942 _cTEXL
_hS0bZ.3, N63
999 _c1445627
_d1445627